<?xml version="1.0" encoding="UTF-8"?>
<record
    xmlns:xsi="http://www.w3.org/2001/XMLSchema-instance"
    xsi:schemaLocation="http://www.loc.gov/MARC21/slim http://www.loc.gov/standards/marcxml/schema/MARC21slim.xsd"
    xmlns="http://www.loc.gov/MARC21/slim">

  <leader>01267nam a22001817a 4500</leader>
  <controlfield tag="005">20240726132744.0</controlfield>
  <controlfield tag="008">240718b           ||||| |||| 00| 0 eng d</controlfield>
  <datafield tag="020" ind1=" " ind2=" ">
    <subfield code="a">9780495506171</subfield>
  </datafield>
  <datafield tag="050" ind1=" " ind2=" ">
    <subfield code="a">RJ503.5.A57</subfield>
  </datafield>
  <datafield tag="245" ind1=" " ind2=" ">
    <subfield code="a">Abnormal child psychology/</subfield>
    <subfield code="c">Eric J. Mash et al.</subfield>
  </datafield>
  <datafield tag="250" ind1=" " ind2=" ">
    <subfield code="a">4ed</subfield>
  </datafield>
  <datafield tag="260" ind1=" " ind2=" ">
    <subfield code="a">Belmont:</subfield>
    <subfield code="b">Wadsworth cengage learning,</subfield>
    <subfield code="c">2010.</subfield>
  </datafield>
  <datafield tag="300" ind1=" " ind2=" ">
    <subfield code="a">xviii,547p.:</subfield>
    <subfield code="c">28cm</subfield>
  </datafield>
  <datafield tag="500" ind1=" " ind2=" ">
    <subfield code="a">Includes glossary and index.</subfield>
  </datafield>
  <datafield tag="505" ind1=" " ind2=" ">
    <subfield code="a">Part I :Understanding abnormal child psychology : Introduction to normal and abnormal behavior in children and adolescent -- Theories and causes -- Research -- Assessment, diagnosis, and treatment -- Part II : Behavioral disorder : Anxiety-Deficit/Hperactivity disorder (ADHD) -- Conduct problems Part III : Emotional disorder : Anxiety disorder -- Mood disorder Part IV : Developmental and learning disorders : Intellectual disability (mental retardation) -- Autism spectrum disorder and childhood-Onset schizophrenia -- Communication and learning disorders Part V : Problems related to physical and mental health : Health related and substance use disorders -- Eating disorders and related conditions -- Child maltreatment and non-accidental trauma  </subfield>
  </datafield>
  <datafield tag="700" ind1=" " ind2=" ">
    <subfield code="a">Wolfe, David A.</subfield>
    <subfield code="9">68</subfield>
  </datafield>
  <datafield tag="942" ind1=" " ind2=" ">
    <subfield code="2">lcc</subfield>
    <subfield code="c">BK</subfield>
    <subfield code="e">4ed</subfield>
    <subfield code="k">RJ503.5.A57</subfield>
  </datafield>
  <datafield tag="999" ind1=" " ind2=" ">
    <subfield code="c">10312</subfield>
    <subfield code="d">17812</subfield>
  </datafield>
  <datafield tag="952" ind1=" " ind2=" ">
    <subfield code="0">0</subfield>
    <subfield code="1">0</subfield>
    <subfield code="2">lcc</subfield>
    <subfield code="4">0</subfield>
    <subfield code="7">0</subfield>
    <subfield code="a">WIUC-1</subfield>
    <subfield code="b">WIUC-1</subfield>
    <subfield code="c">REF</subfield>
    <subfield code="d">2024-07-18</subfield>
    <subfield code="o">RJ503.5.A57</subfield>
    <subfield code="p">9763/464/24</subfield>
    <subfield code="r">2024-07-18 00:00:00</subfield>
    <subfield code="w">2024-07-18</subfield>
    <subfield code="y">BK</subfield>
  </datafield>
</record>
